000
00305nam a22001337a 4500
008
170728b xxu||||| |||| 00| 0 eng d
020
_a
9781590596210
041
_a
eng
080
_a
004
100
_a
31
101
_a
SHKI
245
_a
BEGINNING ASP.NET 2.0 IN VB 2005
_c
MACDONALD, M
942
_2
udc
_c
BK
999
_c
22136
_d
22136